|
|
|
|
| LEADER |
00831nam a22002291 4500 |
| 001 |
c000196817 |
| 003 |
CARM |
| 005 |
20021125001700.0 |
| 008 |
851003s1973 vau 0 eng d |
| 019 |
1 |
|
|a 3979812
|5 LACONCORD2021
|
| 035 |
|
|
|a (OCoLC)1313482
|5 LACONCORD2021
|
| 100 |
1 |
|
|a Wang, Lucy Yung-ling.
|
| 245 |
1 |
0 |
|a Modern Chinese for the elementary school /
|c by L.Y.L.Wang. Illus. by H.Hill.
|
| 250 |
|
|
|a 2nd ed.
|
| 260 |
|
|
|a Alexandria, Va. :
|b Ascension Academy,
|c 1973.
|
| 300 |
|
|
|a Vol.1.
|
| 505 |
0 |
|
|a Vol.1, First year.
|
| 650 |
|
0 |
|a Chinese language
|x Readers.
|
| 852 |
8 |
|
|b CARM
|h A1:AM30D0
|i E01851
|p 0307503
|f BK
|
| 082 |
0 |
4 |
|a 495.182
|
| 999 |
f |
f |
|i b3513ced-79bf-53f8-92ac-f91e8e95783b
|s 2cc33d5e-601c-58cf-bc1c-efe4b05ca07d
|
| 952 |
f |
f |
|p Can circulate
|a CAVAL
|b CAVAL
|c CAVAL
|d CARM 1 Store
|e E01851
|f A1:AM30D0
|h Other scheme
|i book
|m 0307503
|